000 00602nam a2200169 i 4500
001 92483
003 ES-MaACL
007 t|
008 050308s1946 sp ||||1| spa d
100 1 _aLindahl, Erik.
_972376
245 1 0 _aEstudios sobre la teoría del dinero y del capital. /
_cErik Lindahl; traducción de la versión inglesa por Ramón Verca Rial; introducción por Manuel de Torres.
260 _aMadrid :
_bAguilar,
_c1946.
300 _aXXXI, 319 p. :
_bil. ;
_c22 cm.
700 1 _aVerca Rial, Ramón.
_9113987
700 1 _aTorres, Manuel de.
_9110904
852 _aES-MaACL
_jE-1839
_bR.22826
999 _c92483
_d92483